LEADER 01262nam a2200301 u 4500 001 000000071744 003 CaOOAMICUS 005 20070226122150.0 008 020604s1991 it u000 u ita u 020 $a8831132865 035 $a10931908 040 $aPUL(R)$bita 100 1 $aCerini, Marisa.$0(OLS)http://pul/name/47564 245 10$aDio amore nell'esperienza e nel pensiero di Chiara Lubich /$cMarisa Cerini. 260 $aRoma :$bCittà Nuova,$cc1991. 300 $a100 p. ;$c21 cm 504 $aBibliografia: p. [97]-100. 600 14$aLubich, Chiara,$d1920-2008.$0(OLS)http://pul/subject/1557 650 4$aSpiritualità.$0(OLS)http://pul/subject/843 850 $aPUL 852 $aPUL$W1$xDP1 Religione 1$y20$m557 M 21$j92809$nBK-PRI$b $qStampati$B92809$CPULBib$Z2$F92809 $H $81 852 $aPUL$W1$xDP1 Fondo Bordoni$y120$m3 J 30$j167133$qFondi$B176148$CPULBib$Z2$F176148 $HBor662 $81 941 1 $a1 941 1 $a8 961 $aINV: 67693 996 $6020$a8831132865$9(OLS)http://pul/number/92642 996 $6245$aDio amore nell'esperienza e nel pensiero di Chiara Lubich$9(OLS)http://pul/title/94418 996 $6260$aRoma :$bCittà Nuova$9(OLS)http://pul/publisher/47927 LEADER 01348nam a2200349 a 4500 001 000000172385 003 CaOOAMICUS 005 20190723153137.0 008 190723s2011 it u000 u ita r 020 $a978-84-301-1772-7* 032 $aLibriCat 040 $aPUL$bita 082 04$a265 100 1 $aBorobio, Dionisio.$0(OLS)http://pul/name/35646 245 13$aEl sacramento de la reconciliacion penitencial / $cDionisio Borobio. 250 $a2a ed. 260 $aSalamanca :$bEdiciones Sigueme,$c2011. 300 $a430 p. ;$c21 cm 440 0$aLux mundi 504 $aBibliografia in nota. 650 4$aPenitenza.$0(OLS)http://pul/subject/1449 650 4$aLiturgia.$0(OLS)http://pul/subject/2437 830 0$aLux mundi ;$v85.$0(OLS)http://pul/title/141829 850 $aPUL 852 $aPUL$W1$xSL Religione 3$y85$m265 BORDI 1$j196302$qDDC 21$B201068$CPULBib$Z2$F201068 $H133205 $82 941 1 $a9 996 $6020$a978-84-301-1772-7*$9(OLS)http://pul/number/166467 996 $6082$a265$9(OLS)http://pul/classification/1760 996 $6245$aEl sacramento de la reconciliacion penitencial / $9(OLS)http://pul/title/213321 996 $6440$aLux mundi$9(OLS)http://pul/title/141829 996 $6260$aSalamanca :$bEdiciones Sigueme$9(OLS)http://pul/publisher/61322